Statistics for Can you name the F1 world champions in order?

Click here to take the quiz!

General Stats

  • This quiz has been taken 8,559 times
    (7,653 since last reset)
  • The average score is 56 of 73

Answer Stats

YearDriverConstructor% Correct
2022Max VerstappenRed Bull
100%
2020Lewis HamiltonMercedes
99%
2019Lewis HamiltonMercedes
99%
2018Lewis HamiltonMercedes
99%
2017Lewis HamiltonMercedes
99%
2021Max VerstappenRed Bull
99%
2015Lewis HamiltonMercedes
98%
2014Lewis HamiltonMercedes
98%
2016Nico RosbergMercedes
98%
2013Sebastian VettelRed Bull
98%
2012Sebastian VettelRed Bull
97%
2011Sebastian VettelRed Bull
97%
2010Sebastian VettelRed Bull
97%
2006Fernando AlonsoRenault
95%
2005Fernando AlonsoRenault
95%
2009Jenson ButtonBrawn
95%
2008Lewis HamiltonMcLaren
95%
2004Michael SchumacherFerrari
95%
2003Michael SchumacherFerrari
95%
2002Michael SchumacherFerrari
95%
2001Michael SchumacherFerrari
95%
2000Michael SchumacherFerrari
95%
2007Kimi RaikkonenFerrari
93%
1999Mika HakkinenMcLaren
89%
1998Mika HakkinenMcLaren
89%
1995Michael SchumacherBenetton
87%
1994Michael SchumacherBenetton
87%
1991Ayrton SennaMcLaren
85%
1990Ayrton SennaMcLaren
85%
1989Alain ProstMcLaren
84%
1988Ayrton SennaMcLaren
84%
1997Jacques VilleneuveWilliams
84%
1993Alain ProstWilliams
83%
1996Damon HillWilliams
83%
1992Nigel MansellWilliams
80%
1986Alain ProstMcLaren
78%
1985Alain ProstMcLaren
77%
1987Nelson PiquetWilliams
77%
1984Niki LaudaMcLaren
74%
1983Nelson PiquetBrabham
70%
1977Niki LaudaFerrari
68%
1951Juan Manuel FangioAlfa Romeo
67%
1954Juan Manuel FangioMaserati
67%
1982Keke RosbergWilliams
67%
1975Niki LaudaFerrari
67%
1950Giuseppe FarinaAlfa Romeo
66%
1976James HuntMcLaren
66%
1955Juan Manuel FangioMercedes
66%
1956Juan Manuel FangioFerrari
66%
1952Alberto AscariFerrari
65%
1957Juan Manuel FangioMaserati
65%
1981Nelson PiquetBrabham
65%
1953Alberto AscariFerrari
64%
1980Alan JonesWilliams
63%
1979Jody ScheckterFerrari
61%
1973Jackie StewartTyrrell
60%
1971Jackie StewartTyrrell
60%
1978Mario AndrettiLotus
60%
1974Emerson FittipaldiMcLaren
59%
1972Emerson FittipaldiLotus
58%
1969Jackie StewartMatra
57%
1970Jochen RindtLotus
57%
1962Graham HillBRM
56%
1966Jack BrabhamBrabham
56%
1958Mike HawthornFerrari
56%
1960Jack BrabhamCooper
55%
1959Jack BrabhamCooper
55%
1963Jim ClarkLotus
55%
1965Jim ClarkLotus
55%
1961Phil HillFerrari
55%
1968Graham HillLotus
54%
1964John SurteesFerrari
53%
1967Denny HulmeBrabham
52%

Score Distribution

Percentile by Number Answered

Percent of People with Each Score

Your Score History

You have not taken this quiz since the last reset